000 00567nam a22001697a 4500
999 _c25323
_d25323
003 BDDh-ASL
005 20231015030457.0
008 210629s1998 bg ||||| |||| 00| 0 eng d
040 _aBDDh-ASL
_cBDDh-ASL
082 _a294
_bCHN
100 1 _94163
_aChoudhury, Ahmad Taufiq
245 1 0 _aNew Light on Indian Religion /
260 _aMymensingh:
_bRitupatra Prokashani,
_c1998.
300 _a111 p. :
_c20 cm.
650 0 _aReligion, ধর্ম, Dharma, faith, creed, law, worship, property, আস্তিকতা, দীন
_zIndia
_92606
942 _2ddc
_cBK